Sports Quiz

Random Sports Quiz

FA Cup Final Starting Line-ups 2000-2009 Quiz Stats

 Plays Quiz not verified by Sporcle

Also try: MLB Closest Team
Challenge
Share
Tweet
Embed
Score 0/220 Timer 18:00
0 Plays Today
Year Player % Correct
2009Petr Cech
97.6%
2007Petr Cech
97.6%
2009Tim Howard
91.6%
2004Tim Howard
91.6%
2009John Terry
90.2%
2007John Terry
90.2%
2003David Seaman
89.2%
2002David Seaman
89.2%
2001David Seaman
89.2%
2009Frank Lampard
87.1%
2007Frank Lampard
87.1%
2002Frank Lampard
87.1%
2009Ashley Cole
86.6%
2005Ashley Cole
86.6%
2003Ashley Cole
86.6%
2002Ashley Cole
86.6%
2001Ashley Cole
86.6%
2007Joe Cole
86.3%
2009Didier Drogba
85.4%
2007Didier Drogba
85.4%
2006Pepe Reina
84.9%
2006Steven Gerrard
84.1%
2001Steven Gerrard
84.1%
2005Jens Lehmann
83.7%
2008David James
80.1%
2000David James
80.1%
2007Edwin Van Der Sar
78.1%
2007Wayne Rooney
77.9%
2005Wayne Rooney
77.9%
2003Thierry Henry
77.8%
2002Thierry Henry
77.8%
2001Thierry Henry
77.8%
2007Paul Scholes
77.6%
2005Paul Scholes
77.6%
2004Paul Scholes
77.6%
2007Rio Ferdinand
76.4%
2005Rio Ferdinand
76.4%
2006Anton Ferdinand
76.2%
2007Ryan Giggs
75.8%
2004Ryan Giggs
75.8%
2009Tim Cahill
74.7%
2004Tim Cahill
74.7%
2004Gary Neville
74.5%
2009Phil Neville
74.3%
2006Jamie Carragher
74%
2001Jamie Carragher
74%
2007Cristiano Ronaldo
73.6%
2005Cristiano Ronaldo
73.6%
2004Cristiano Ronaldo
73.6%
2009Louis Saha
70.3%
2008Sol Campbell
69.8%
2002Sol Campbell
69.8%
2009Nicolas Anelka
69.2%
2001Michael Owen
69.2%
2005Robert Pires
68.7%
2003Robert Pires
68.7%
2001Robert Pires
68.7%
2007Nemanja Vidic
68.5%
2008Nwankwo Kanu
68.4%
2002Patrick Vieira
67.2%
2001Patrick Vieira
67.2%
2009Michael Essien
67.1%
2007Michael Essien
67.1%
2005Patick Vieira
66.9%
2005Ruud Van Nistelrooy
65.3%
2005Dennis Bergkamp
64.9%
2003Dennis Bergkamp
64.9%
2002Dennis Bergkamp
64.9%
2002Tony Adams
64.7%
2001Tony Adams
64.7%
2004Ruud Van Nistelrooy
64.3%
2002Carlo Cudicini
62.9%
2007Wes Brown
62.6%
2005Wes Brown
62.6%
Year Player % Correct
2004Wes Brown
62.6%
2003Fredrik Ljungberg
62.5%
2002Fredrik Ljungberg
62.5%
2001Fredrik Ljungberg
62.5%
2005Roy Carroll
62.2%
2006Sami Hyypia
60.9%
2001Sami Hyypia
60.9%
2009Florent Malouda
60.4%
2009Alex
60.2%
2000Ed De Goey
59.8%
2003Martin Keown
59.3%
2001Martin Keown
59.3%
2007Michael Carrick
58.4%
2008Glen Johnson
57.9%
2008Roger Johnson
57.8%
2005John O'Shea
57.8%
2004John O'Shea
57.8%
2005Roy Keane
57.1%
2004Roy Keane
57.1%
2009John Obi Mikel
57.1%
2007John Obi Mikel
57.1%
2009Leighton Baines
57%
2000Gianfranco Zola
56.7%
2006Peter Crouch
56.4%
2007Darren Fletcher
56.2%
2005Darren Fletcher
56.2%
2004Darren Fletcher
56.2%
2006Carl Fletcher
56.1%
2006Xabi Alonso
55.3%
2004Dennis Wise
54.7%
2000Dennis Wise
54.7%
2005Lauren
54.5%
2003Lauren
54.5%
2002Lauren
54.5%
2001Lee Dixon
54%
2009Jose Bosingwa
53.2%
2003Ray Parlour
52.8%
2002Ray Parlour
52.8%
2001Sander Westerveld
51.8%
2006John Arne Riise
51.7%
2005Kolo Toure
51.3%
2009Tony Hibbert
50.7%
2007Paulo Ferreira
50.3%
2006Djibril Cisse
49.8%
2006Dean Ashton
48.9%
2006Steve Finnan
47.8%
2009Leon Osman
47%
2006Paul Konchesky
46.9%
2005Cesc Fabregas
46.8%
2001Emile Heskey
46.6%
2008Jimmy Floyd Hasselbaink
46.4%
2002Jimmy Floyd Hasselbaink
46.4%
2000Roberto Di Matteo
45.1%
2006Shaka Hislop
44.6%
2008Sylvain Distin
44.4%
2007Wayne Bridge
44.1%
2003Wayne Bridge
44.1%
2002Marcel Desailly
43.8%
2000Marcel Desailly
43.8%
2002Emmanuel Petit
43.3%
2002Sylvain Wiltord
43%
2001Sylvain Wiltord
43%
2009Marouane Fellaini
42.1%
2005Gilberto Silva
41.5%
2003Gilberto Silva
41.5%
2000Alan Wright
40.8%
2003James Beattie
40.4%
2002William Gallas
40.2%
2009Joseph Yobo
40.1%
2009Joleon Lescott
39.9%
2001Dietmar Hamann
38.7%
2005Mikael Silvestre
37.9%
2004Mikael Silvestre
37.9%
2007Claude Makelele
37.7%
Year Player % Correct
2006Harry Kewell
37.3%
2001Vladimir Smicer
36.6%
2005Philippe Senderos
36.4%
2001Stephane Henchoz
35.7%
2009Steven Pienaar
35.7%
2005Jose Antonio Reyes
35.6%
2002Eidur Gudjohnsen
35.4%
2007Gabriel Heinze
32.9%
2002Graham Le Saux
31.6%
2008Peter Whittingham
31.4%
2008Joe Ledley
30.5%
2000Gareth Barry
30.5%
2008John Utaka
30%
2000Frank Leboeuf
29.4%
2000Ian Taylor
29.1%
2001Danny Murphy
28.9%
2006Marlon Harewood
28.7%
2000Gareth Southgate
28.6%
2000Dion Dublin
28.4%
2003Antti Niemi
28.3%
2008Sulley Muntari
28.1%
2006Yossi Benayoun
27.8%
2000Gustavo Poyet
27.7%
2008Lassana Diarra
27.6%
2004Andy Marshall
27.5%
2007Shaun Wright-Phillips
22.4%
2006Nigel Reo-Coker
22.4%
2008Herman Hreidarsson
22.1%
2001Markus Babbel
22%
2002Mario Melchiot
21.6%
2000Mario Melchiot
21.6%
2008Niko Kranjcar
21.6%
2006Mohammed Sissoko
21.5%
2002Celestine Babayaro
21.5%
2000Celestine Babayaro
21.5%
2006Danny Gabbidon
20.4%
2006Matthew Etherington
20.1%
2008Pedro Mendes
19.9%
2000Ugo Ehiogu
19.7%
2000Paul Merson
19.6%
2003Claus Lundekvam
19.5%
2004Neil Harris
16.5%
2003Michael Svensson
16.5%
2003Anders Svensson
16.5%
2000Didier Deschamps
16.5%
2000George Boateng
16.2%
2003Oleg Luzhny
16.1%
2001Gilles Grimandi
15.9%
2002Jesper Gronkjaer
15.8%
2008Kevin McNaughton
13.2%
2003Chris Baird
12.8%
2003Chris Marsden
12.8%
2006Lionel Scaloni
12.6%
2000Mark Delaney
11.7%
2003Brett Ormerod
11.2%
2008Stephen McPhail
10.5%
2000George Weah
10.4%
2008Gavin Rae
9.6%
2003Matthew Oakley
9.5%
2004Paul Ifil
9.1%
2000Benito Carbone
9.1%
2008Peter Enckelman
8.4%
2003Paul Telfer
8.1%
2008Glen Loovens
7.7%
2008Paul Parry
7.4%
2004Darren Ward
6.6%
2008Tony Capaldi
5.8%
2004David Livermore
5.3%
2004Matthew Lawrence
5.2%
2004Robbie Ryan
4.2%
2004Marvin Elliott
3.1%
2004Peter Sweeney
2.9%

You're not logged in!

Compare scores with friends on all Sporcle quizzes.
Join for Free
OR
Log In

You Might Also Like...

Show Comments

Extras

Top Quizzes Today


Score Distribution

Your Account Isn't Verified!

In order to create a playlist on Sporcle, you need to verify the email address you used during registration. Go to your Sporcle Settings to finish the process.

Report this User

Report this user for behavior that violates our Community Guidelines.

Details: